000 00488nam a2200169Ia 4500
008 090201s9999 xx 000 0 und d
010 _aKPL-54673
040 _bमराठी
041 _aमराठी
082 _a38703
_b54673
100 _aजयवंत दळवी
245 _aबाजार
_cजयवंत दळवी
260 _c2004
_bमनोरमा प्रकाशन
300 _a151
_bमोठा
600 _aबाजार
942 _cBOOK
999 _c236172
_d236172